Introduction to probability and statistics (Record no. 179900)

MARC details
000 -LEADER
fixed length control field 00403nam a2200157Ia 4500
008 - FIXED-LENGTH DATA ELEMENTS--GENERAL INFORMATION
fixed length control field 230917s9999||||xx |||||||||||||| ||und||
040 ## - CATALOGING SOURCE
-- 215263
Original cataloging agency VIVEKANANDA LIBRARY
041 ## - Language
-- English
082 ## - DDC NUMBER
Classification number 519.2 R23I(2)
100 ## - MAIN ENTRY--PERSONAL NAME
Personal name Rohatgi, Vijay K
245 #0 - TITLE STATEMENT
Title Introduction to probability and statistics
250 ## - EDITION STATEMENT
Edition statement 2nd. ed.
260 ## - PUBLICATION, DISTRIBUTION, ETC. (IMPRINT)
Place of publication, distribution, etc New Delhi
Name of publisher, distributor, etc Wiley india
Date of publication, distribution, etc 2014
300 ## - PHYSICAL DESCRIPTION
Pages xvii, 716 p.
942 ## - ADDED ENTRY ELEMENTS (KOHA)
Koha item type Books
Holdings
Withdrawn status Lost status Damaged status Not for loan Location (home branch) Sublocation or collection (holding branch) Date acquired Koha issues (times borrowed) Koha full call number Accession No. Koha date last seen Koha item type
        VIVEKANANDA LIBRARY VIVEKANANDA LIBRARY 02/04/2014 2 519.2 R23I(2) 346588 09/02/2026 Books
        VIVEKANANDA LIBRARY VIVEKANANDA LIBRARY 02/04/2014   519.2 R23I(2) 346589 17/09/2023 Books
        VIVEKANANDA LIBRARY VIVEKANANDA LIBRARY 02/04/2014 1 519.2 R23I(2) 346590 04/09/2025 Books
        VIVEKANANDA LIBRARY VIVEKANANDA LIBRARY 02/04/2014 1 519.2 R23I(2) 346591 21/03/2024 Books
        VIVEKANANDA LIBRARY VIVEKANANDA LIBRARY 02/04/2014 1 519.2 R23I(2) 346592 28/11/2023 Books
© Designed and Maintained by Vivekananda Library, MDU Rohtak